| 000 | 00646nam a2200229 a 4500 | ||
|---|---|---|---|
| 999 |
_c3691 _d3691 |
||
| 001 | 3691 | ||
| 003 | BD-JhCC | ||
| 005 | 20171116174112.0 | ||
| 008 | 171116s2006 bg |||| ||a| 000 0 ben d | ||
| 020 | _a98481613215 | ||
| 035 | _a(BD-JhCC)3691 | ||
| 040 |
_aBD-JhCC _dBD-JhCC |
||
| 041 | _aben | ||
| 082 |
_a891.4415 _bDUT 2006 |
||
| 100 | _aদত্ত, মনোজ | ||
| 245 |
_aবোধের বিগ্রহ / _cমনোজ দত্ত |
||
| 260 |
_aঢাকা : _bর্যামন পাবলিশার্স, _c২০০৬. |
||
| 300 |
_a48 p. : _c21 cm. |
||
| 650 | _aBenali Poems | ||
| 942 |
_2ddc _cBK |
||